Estadísticas para Países hispanos por imagen

Haz click aquí para intentar la prueba.

Estadísticas generales

  • Esta prueba ha sido intentada 122 veces
  • La puntuación promedio es 9 de 12

Estadísticas de respuestas

Respuesta% Correcto
México
98%
Perú
92%
Chile
86%
Venezuela
82%
Cuba
77%
España
73%
Colombia
69%
Panamá
69%
Argentina
68%
Ecuador
66%
Costa Rica
54%
Guinea Ecuatorial
28%

Distribución de puntuación

Porcentaje por número respondido

Porcentaje de gente con cada puntuación

Historial de tus puntuaciones

No has intentado esta prueba.